• 首页
  • 本馆介绍
  • 公告通知
  • 最新文献
  • 馆藏检索
  • 电子资源
  • 读者导购
  • 参考咨询
  • 我的图书馆
  • 登录
  • 详细信息显示
  • 放入我的书架
  • 预约/预借图书
  • 作者相关作品
  • 分类相关作品
  • 丛书相关作品
  • 出版社相关作品

书目信息

  • 表格格式
  • 工作单格式
  • 卡片格式
题名:
电路分析基础
    
 
作者: 李瀚孙 编
分册:  
出版信息: 北京   高等教育出版社  1983-1984
页数: 3册
开本: 21cm
丛书名:
单 册:
中图分类: TM133
科图分类:
主题词: 电路分析
电子资源:
ISBN: 15010.0517(上)
000 00685nam0 2200265 450
001 0183000287
005 20100712220412.0
010    @a15010.0517(上)@dCNY1.8
091    @a15010.0517(上)
091    @a15010.0537(中)
091    @a15010.0538(下)
100    @a19950615f19831984emky0chiy0110 ea
101 0  @achi
102    @aCN@b110000
105    @ay z 000yy
106    @ar
200 1  @a电路分析基础@9Dian Lu Fen Xi Ji Chu @f李瀚孙编
205    @a2版
210    @a北京@c高等教育出版社@d1983-1984
215    @a3册@d21cm
606 0  @a电路分析
690    @aTM133@v3
701  0 @a李瀚孙@9li han sun@4编
801  0 @aCN@bAzMarc@c20130904
905    @aBZT@dTM133@e15@f2@sTM133/15
    
    电路分析基础/李瀚孙编.-2版.-北京:高等教育出版社,1983-1984
    3册;21cm
    
    
    ISBN 15010.0517(上):CNY1.8
    
●
相关链接 在五车中查询图书 在当当中查询图书 在豆瓣中查询图书


正题名:电路分析基础     索取号:TM133/15         预约/预借

序号 登录号 条形码 馆藏地/架位号 状态 备注
1 2000109749   2000109749   旧书回溯/ [索取号:TM133/15] 在馆    
2 2000109750   2000109750   旧书回溯/ [索取号:TM133/15] 在馆    
山东省滨州职业学院图书馆 欢迎您!
大连网信软件有限公司© 版权所有